O MST e as reformas agrárias do Brasil /
El texto hace referencia a la evolución del Movimiento de los Trabajadores Rurales Sin Tierra (MST), en Brasil, desde 1985 al 2006. Se plantean los conflictos que enfrentaron, tales como la reforma agraria, las disputas territoriales, el monocultivo, las empresas transnacionales y el uso de tierras...
Furkejuvvon:
| Váldodahkki: | |
|---|---|
| Materiálatiipa: | Texto |
| Fáttát: | |
| Fáddágilkorat: |
Lasit fáddágilkoriid
Eai fáddágilkorat, Lasit vuosttaš fáddágilkora!
|
MARC
| LEADER | 00000 a a2200000 04500 | ||
|---|---|---|---|
| 001 | 11081 | ||
| 003 | |||
| 040 | |||
| 100 | |a Mançano Fernandes, Bernardo | ||
| 245 | |a O MST e as reformas agrárias do Brasil / |c Bernardo Mançano Fernandes | ||
| 520 | |a El texto hace referencia a la evolución del Movimiento de los Trabajadores Rurales Sin Tierra (MST), en Brasil, desde 1985 al 2006. Se plantean los conflictos que enfrentaron, tales como la reforma agraria, las disputas territoriales, el monocultivo, las empresas transnacionales y el uso de tierras para la producción de agroenergía. | ||
| 650 | |a BRASIL | ||
| 650 | |a MOVIMIENTOS CAMPESINOS | ||
| 650 | |a CONFLICTOS SOCIALES | ||
| 773 | |g volumen 9, número 24; páginas 73-85 | ||
| 999 | |c 25535 |d 25535 | ||
